[Event "April 9 Late 2024"]
[Site "Chess.com"]
[Date "2024.04.09"]
[Round "3"]
[White "Teiitbaev, Aktilek"]
[Black "Haydon, David L"]
[Result "1-0"]
[Board "93"]
[WhiteFideId "13801937"]
[BlackFideId "415405"]
[BlackTitle "FM"]
[WhiteElo "2436"]
[BlackElo "2626"]
[WhiteTeam "KGZ"]
[BlackTeam "ENG"]
[WhiteClock "0:00:15"]
[BlackClock "0:00:18"]
[Variant "Standard"]

1. d4 {[%clk 0:03:00]}  Nf6 {[%clk 0:02:59]} 2. c4 {[%clk 0:03:00]}  e6 {[%clk 0:03:00]} 3. Nf3 {[%clk 0:03:00]}  b6 {[%clk 0:03:00]} 4. g3 {[%clk 0:03:00]}  Bb7 {[%clk 0:03:00]} 5. Bg2 {[%clk 0:03:00]}  Bb4+ {[%clk 0:03:01]} 6. Bd2 {[%clk 0:03:00]}  Bxd2+ {[%clk 0:03:01]} 7. Qxd2 {[%clk 0:03:00]}  d6 {[%clk 0:03:02]} 8. O-O {[%clk 0:02:59]}  O-O {[%clk 0:03:01]} 9. Nc3 {[%clk 0:02:59]}  Nbd7 {[%clk 0:03:01]} 10. b4 {[%clk 0:02:52]}  Qe7 {[%clk 0:02:59]} 11. Rfe1 {[%clk 0:02:43]}  c5 {[%clk 0:02:57]} 12. a3 {[%clk 0:02:40]}  Rac8 {[%clk 0:02:46]} 13. dxc5 {[%clk 0:02:36]}  dxc5 {[%clk 0:02:43]} 14. b5 {[%clk 0:02:37]}  Rfd8 {[%clk 0:02:41]} 15. Qc2 {[%clk 0:02:37]}  Bxf3 {[%clk 0:02:37]} 16. Bxf3 {[%clk 0:02:37]}  Ne5 {[%clk 0:02:38]} 17. Ne4 {[%clk 0:02:38]}  Rd5 {[%clk 0:02:35]} 18. cxd5 {[%clk 0:02:37]}  Nxd5 {[%clk 0:02:03]} 19. Nc3 {[%clk 0:02:25]}  Nf6 {[%clk 0:02:02]} 20. a4 {[%clk 0:02:25]}  g5 {[%clk 0:02:00]} 21. a5 {[%clk 0:02:20]}  h5 {[%clk 0:01:58]} 22. axb6 {[%clk 0:02:20]}  axb6 {[%clk 0:01:58]} 23. Ne4 {[%clk 0:02:15]}  Nd5 {[%clk 0:01:57]} 24. Bxh5 {[%clk 0:02:14]}  g4 {[%clk 0:01:53]} 25. Qb2 {[%clk 0:01:45]}  Nc4 {[%clk 0:01:52]} 26. Qc1 {[%clk 0:01:44]}  Ne5 {[%clk 0:01:50]} 27. Rd1 {[%clk 0:01:40]}  f5 {[%clk 0:01:42]} 28. Qg5+ {[%clk 0:01:02]}  Qxg5 {[%clk 0:01:38]} 29. Nxg5 {[%clk 0:01:02]}  Nf6 {[%clk 0:01:38]} 30. Bf7+ {[%clk 0:00:58]}  Nxf7 {[%clk 0:01:37]} 31. Nxe6 {[%clk 0:00:56]}  Re8 {[%clk 0:01:34]} 32. Nf4 {[%clk 0:00:52]}  c4 {[%clk 0:01:29]} 33. Ra6 {[%clk 0:00:41]}  Rb8 {[%clk 0:01:26]} 34. Nd5 {[%clk 0:00:35]}  Nxd5 {[%clk 0:01:19]} 35. Rxd5 {[%clk 0:00:36]}  c3 {[%clk 0:01:19]} 36. Rd1 {[%clk 0:00:33]}  Ng5 {[%clk 0:01:03]} 37. Rc1 {[%clk 0:00:31]}  Ne4 {[%clk 0:01:01]} 38. f3 {[%clk 0:00:31]}  gxf3 {[%clk 0:01:01]} 39. exf3 {[%clk 0:00:32]}  Nc5 {[%clk 0:01:00]} 40. Ra3 {[%clk 0:00:32]}  Rd8 {[%clk 0:00:51]} 41. Raxc3 {[%clk 0:00:31]}  Rd5 {[%clk 0:00:48]} 42. R1c2 {[%clk 0:00:27]}  Kf7 {[%clk 0:00:48]} 43. Kg2 {[%clk 0:00:27]}  Kf6 {[%clk 0:00:48]} 44. h4 {[%clk 0:00:27]}  f4 {[%clk 0:00:44]} 45. g4 {[%clk 0:00:26]}  Ke5 {[%clk 0:00:43]} 46. Rc4 {[%clk 0:00:25]}  Nd3 {[%clk 0:00:40]} 47. Re2+ {[%clk 0:00:23]}  Kd6 {[%clk 0:00:39]} 48. Rc6+ {[%clk 0:00:23]}  Kd7 {[%clk 0:00:39]} 49. Rxb6 {[%clk 0:00:23]}  Nc5 {[%clk 0:00:34]} 50. Rf6 {[%clk 0:00:21]}  Rd1 {[%clk 0:00:30]} 51. Rxf4 {[%clk 0:00:18]}  Rb1 {[%clk 0:00:29]} 52. Rf5 {[%clk 0:00:16]}  Nb3 {[%clk 0:00:23]} 53. h5 {[%clk 0:00:14]}  Nc1 {[%clk 0:00:20]} 54. Re1 {[%clk 0:00:13]}  Rb2+ {[%clk 0:00:20]} 55. Kg3 {[%clk 0:00:14]}  Ne2+ {[%clk 0:00:19]} 56. Rxe2 {[%clk 0:00:13]}  Rxe2 {[%clk 0:00:19]} 57. h6 {[%clk 0:00:14]}  Rb2 {[%clk 0:00:20]} 58. Rh5 {[%clk 0:00:15]}  Rxb5 {[%clk 0:00:18]} 59. Rxb5 {[%clk 0:00:15]} 1-0

[Event "April 9 Late 2024"]
[Site "Chess.com"]
[Date "2024.04.09"]
[Round "3"]
[White "Horobetz, Graham"]
[Black "Mazurkiewicz, Michal"]
[Result "1-0"]
[Board "94"]
[WhiteFideId "2047322"]
[BlackFideId "1124943"]
[BlackTitle "CM"]
[WhiteElo "2625"]
[BlackElo "2436"]
[WhiteTeam "USA"]
[BlackTeam "POL"]
[WhiteClock "0:01:10"]
[BlackClock "0:00:05"]
[Variant "Standard"]

1. e4 {[%clk 0:03:00]}  d6 {[%clk 0:02:59]} 2. d4 {[%clk 0:02:57]}  Nf6 {[%clk 0:02:59]} 3. Nc3 {[%clk 0:02:57]}  c6 {[%clk 0:02:59]} 4. Be3 {[%clk 0:02:50]}  b5 {[%clk 0:02:58]} 5. f3 {[%clk 0:02:50]}  e5 {[%clk 0:02:58]} 6. dxe5 {[%clk 0:02:48]}  dxe5 {[%clk 0:02:59]} 7. Qxd8+ {[%clk 0:02:49]}  Kxd8 {[%clk 0:02:59]} 8. a4 {[%clk 0:02:49]}  b4 {[%clk 0:02:59]} 9. Nb1 {[%clk 0:02:49]}  Be6 {[%clk 0:02:59]} 10. Nd2 {[%clk 0:02:47]}  Nbd7 {[%clk 0:02:56]} 11. Bc4 {[%clk 0:02:46]}  Bc5 {[%clk 0:02:37]} 12. Kf2 {[%clk 0:02:39]}  Ke7 {[%clk 0:02:31]} 13. Ne2 {[%clk 0:02:32]}  Rhd8 {[%clk 0:02:22]} 14. Nc1 {[%clk 0:02:27]}  Ne8 {[%clk 0:02:21]} 15. Nd3 {[%clk 0:02:24]}  Bxe3+ {[%clk 0:02:21]} 16. Kxe3 {[%clk 0:02:25]}  Nd6 {[%clk 0:02:21]} 17. Bxe6 {[%clk 0:02:21]}  Kxe6 {[%clk 0:02:22]} 18. Nxb4 {[%clk 0:02:21]}  Rdc8 {[%clk 0:01:23]} 19. b3 {[%clk 0:02:07]}  Rab8 {[%clk 0:01:15]} 20. Nd3 {[%clk 0:02:07]}  c5 {[%clk 0:01:15]} 21. Nb2 {[%clk 0:01:54]}  f5 {[%clk 0:00:52]} 22. Ndc4 {[%clk 0:01:48]}  Nxc4+ {[%clk 0:00:29]} 23. Nxc4 {[%clk 0:01:47]}  fxe4 {[%clk 0:00:30]} 24. fxe4 {[%clk 0:01:44]}  Nf6 {[%clk 0:00:30]} 25. h3 {[%clk 0:01:44]}  Nh5 {[%clk 0:00:27]} 26. Rhd1 {[%clk 0:01:42]}  Rd8 {[%clk 0:00:26]} 27. Rxd8 {[%clk 0:01:30]}  Rxd8 {[%clk 0:00:27]} 28. Rf1 {[%clk 0:01:30]}  Rd4 {[%clk 0:00:15]} 29. c3 {[%clk 0:01:08]}  Rxe4+ {[%clk 0:00:12]} 30. Kxe4 {[%clk 0:01:09]}  Ng3+ {[%clk 0:00:13]} 31. Kf3 {[%clk 0:01:09]}  Nxf1 {[%clk 0:00:13]} 32. Kf2 {[%clk 0:01:10]}  Nh2 {[%clk 0:00:05]} 33. Kg1 {[%clk 0:01:10]} 1-0

[Event "April 9 Late 2024"]
[Site "Chess.com"]
[Date "2024.04.09"]
[Round "3"]
[White "Kleibel, Uwe"]
[Black "Rogov, Matfey"]
[Result "1/2-1/2"]
[Board "95"]
[WhiteFideId "1270982"]
[BlackFideId "44191308"]
[WhiteTitle "FM"]
[BlackTitle "CM"]
[WhiteElo "2435"]
[BlackElo "2624"]
[WhiteTeam "GER"]
[BlackTeam "RUS"]
[WhiteClock "0:00:07"]
[BlackClock "0:00:06"]
[Variant "Standard"]

1. e4 {[%clk 0:02:57]}  c5 {[%clk 0:03:00]} 2. Nf3 {[%clk 0:02:57]}  Nc6 {[%clk 0:03:00]} 3. Bb5 {[%clk 0:02:57]}  g6 {[%clk 0:03:00]} 4. Nc3 {[%clk 0:02:55]}  Bg7 {[%clk 0:03:00]} 5. O-O {[%clk 0:02:55]}  Nd4 {[%clk 0:03:00]} 6. a4 {[%clk 0:02:54]}  a6 {[%clk 0:02:59]} 7. Bd3 {[%clk 0:02:52]}  d6 {[%clk 0:02:59]} 8. Nxd4 {[%clk 0:02:51]}  cxd4 {[%clk 0:02:59]} 9. Ne2 {[%clk 0:02:51]}  e5 {[%clk 0:02:59]} 10. c3 {[%clk 0:02:51]}  dxc3 {[%clk 0:02:57]} 11. bxc3 {[%clk 0:02:52]}  Ne7 {[%clk 0:02:56]} 12. Bc2 {[%clk 0:02:47]}  O-O {[%clk 0:02:53]} 13. d4 {[%clk 0:02:47]}  exd4 {[%clk 0:02:51]} 14. cxd4 {[%clk 0:02:48]}  d5 {[%clk 0:02:51]} 15. e5 {[%clk 0:02:44]}  Bf5 {[%clk 0:02:50]} 16. Ba3 {[%clk 0:02:41]}  Bxc2 {[%clk 0:02:36]} 17. Qxc2 {[%clk 0:02:42]}  Qd7 {[%clk 0:02:31]} 18. Nf4 {[%clk 0:02:18]}  Rfc8 {[%clk 0:02:24]} 19. Qb3 {[%clk 0:02:18]}  Bh6 {[%clk 0:00:56]} 20. Bxe7 {[%clk 0:01:56]}  Bxf4 {[%clk 0:00:56]} 21. Bf6 {[%clk 0:01:55]}  Rc4 {[%clk 0:00:47]} 22. Rfb1 {[%clk 0:01:45]}  Rac8 {[%clk 0:00:43]} 23. g3 {[%clk 0:01:41]}  Bh6 {[%clk 0:00:38]} 24. Kg2 {[%clk 0:01:38]}  Rc2 {[%clk 0:00:19]} 25. Qxb7 {[%clk 0:01:23]}  Rxf2+ {[%clk 0:00:05]} 26. Kg1 {[%clk 0:00:54]}  Qh3 {[%clk 0:00:03]} 27. Qxc8+ {[%clk 0:00:53]}  Qxc8 {[%clk 0:00:04]} 28. Kxf2 {[%clk 0:00:54]}  Qc2+ {[%clk 0:00:04]} 29. Kf1 {[%clk 0:00:29]}  Qd3+ {[%clk 0:00:03]} 30. Kg2 {[%clk 0:00:29]}  Qe2+ {[%clk 0:00:03]} 31. Kh3 {[%clk 0:00:27]}  Qh5+ {[%clk 0:00:04]} 32. Kg2 {[%clk 0:00:28]}  Qe2+ {[%clk 0:00:04]} 33. Kh3 {[%clk 0:00:28]}  Bf8 {[%clk 0:00:05]} 34. Re1 {[%clk 0:00:20]}  Qh5+ {[%clk 0:00:05]} 35. Kg2 {[%clk 0:00:21]}  Qf5 {[%clk 0:00:05]} 36. Rac1 {[%clk 0:00:20]}  h5 {[%clk 0:00:05]} 37. h3 {[%clk 0:00:20]}  g5 {[%clk 0:00:05]} 38. Rc3 {[%clk 0:00:17]}  g4 {[%clk 0:00:04]} 39. hxg4 {[%clk 0:00:16]}  hxg4 {[%clk 0:00:05]} 40. Rce3 {[%clk 0:00:16]}  Bg7 {[%clk 0:00:04]} 41. Bxg7 {[%clk 0:00:15]}  Kxg7 {[%clk 0:00:05]} 42. e6 {[%clk 0:00:16]}  fxe6 {[%clk 0:00:04]} 43. Rxe6 {[%clk 0:00:17]}  Qc2+ {[%clk 0:00:04]} 44. R1e2 {[%clk 0:00:17]}  Qxa4 {[%clk 0:00:05]} 45. Re7+ {[%clk 0:00:17]}  Kf8 {[%clk 0:00:05]} 46. R7e5 {[%clk 0:00:17]}  Qxd4 {[%clk 0:00:04]} 47. Rf2+ {[%clk 0:00:17]}  Kg7 {[%clk 0:00:04]} 48. Rg5+ {[%clk 0:00:17]}  Kh6 {[%clk 0:00:04]} 49. Rgf5 {[%clk 0:00:17]}  Qe4+ {[%clk 0:00:05]} 50. Kg1 {[%clk 0:00:17]}  d4 {[%clk 0:00:05]} 51. Rf6+ {[%clk 0:00:18]}  Kg5 {[%clk 0:00:05]} 52. Rf8 {[%clk 0:00:18]}  Qb1+ {[%clk 0:00:03]} 53. Kg2 {[%clk 0:00:18]}  Qb7+ {[%clk 0:00:03]} 54. Kg1 {[%clk 0:00:18]}  Qb1+ {[%clk 0:00:03]} 55. Kh2 {[%clk 0:00:18]}  Qh7+ {[%clk 0:00:03]} 56. Kg2 {[%clk 0:00:17]}  d3 {[%clk 0:00:03]} 57. Rd8 {[%clk 0:00:16]}  Qb7+ {[%clk 0:00:04]} 58. Kg1 {[%clk 0:00:15]}  Qb1+ {[%clk 0:00:04]} 59. Kg2 {[%clk 0:00:16]}  Qb7+ {[%clk 0:00:05]} 60. Kg1 {[%clk 0:00:16]}  Qb5 {[%clk 0:00:05]} 61. Rg8+ {[%clk 0:00:13]}  Kh6 {[%clk 0:00:06]} 62. Rxg4 {[%clk 0:00:13]}  Qb1+ {[%clk 0:00:05]} 63. Kg2 {[%clk 0:00:13]}  Kh5 {[%clk 0:00:05]} 64. Rh4+ {[%clk 0:00:13]}  Kg5 {[%clk 0:00:05]} 65. Rhf4 {[%clk 0:00:13]}  Qb7+ {[%clk 0:00:06]} 66. Kg1 {[%clk 0:00:12]}  Qd5 {[%clk 0:00:06]} 67. Rd2 {[%clk 0:00:08]}  a5 {[%clk 0:00:06]} 68. Kf2 {[%clk 0:00:09]}  Qc5+ {[%clk 0:00:06]} 69. Kf3 {[%clk 0:00:09]}  Qb5 {[%clk 0:00:05]} 70. Ke3 {[%clk 0:00:09]}  Qe5+ {[%clk 0:00:03]} 71. Re4 {[%clk 0:00:09]}  Qxg3+ {[%clk 0:00:03]} 72. Kd4 {[%clk 0:00:10]}  Qd6+ {[%clk 0:00:03]} 73. Ke3 {[%clk 0:00:09]}  Qb6+ {[%clk 0:00:03]} 74. Rd4 {[%clk 0:00:09]}  a4 {[%clk 0:00:03]} 75. Kxd3 {[%clk 0:00:10]}  a3 {[%clk 0:00:03]} 76. Rd5+ {[%clk 0:00:10]}  Kf6 {[%clk 0:00:03]} 77. Rd4 {[%clk 0:00:10]}  Qb3+ {[%clk 0:00:03]} 78. Ke4 {[%clk 0:00:10]}  a2 {[%clk 0:00:03]} 79. Rd6+ {[%clk 0:00:10]}  Kg5 {[%clk 0:00:03]} 80. R2d5+ {[%clk 0:00:08]}  Kg4 {[%clk 0:00:04]} 81. Rg6+ {[%clk 0:00:08]}  Kh4 {[%clk 0:00:04]} 82. Rh6+ {[%clk 0:00:08]}  Kg3 {[%clk 0:00:04]} 83. Rg6+ {[%clk 0:00:08]}  Kf2 {[%clk 0:00:04]} 84. Rf5+ {[%clk 0:00:07]}  Ke2 {[%clk 0:00:04]} 85. Rg2+ {[%clk 0:00:07]}  Ke1 {[%clk 0:00:03]} 86. Rg1+ {[%clk 0:00:07]}  Kd2 {[%clk 0:00:04]} 87. Rf2+ {[%clk 0:00:06]}  Kc3 {[%clk 0:00:04]} 88. Rg3+ {[%clk 0:00:07]}  Kb4 {[%clk 0:00:05]} 89. Rxb3+ {[%clk 0:00:08]}  Kxb3 {[%clk 0:00:06]} 90. Rxa2 {[%clk 0:00:07]}  Kxa2 {[%clk 0:00:06]} 1/2-1/2

[Event "April 9 Late 2024"]
[Site "Chess.com"]
[Date "2024.04.09"]
[Round "3"]
[White "Hubbard, Andrew"]
[Black "Iskusnyh, Sergei"]
[Result "0-1"]
[Board "96"]
[WhiteFideId "2031787"]
[BlackFideId "4120027"]
[WhiteTitle "FM"]
[BlackTitle "GM"]
[WhiteElo "2435"]
[BlackElo "2622"]
[WhiteTeam "USA"]
[BlackTeam "RUS"]
[WhiteClock "0:00:08"]
[BlackClock "0:00:13"]
[Variant "Standard"]

1. d4 {[%clk 0:03:00]}  d5 {[%clk 0:02:55]} 2. c4 {[%clk 0:03:00]}  c6 {[%clk 0:02:54]} 3. Nf3 {[%clk 0:03:00]}  Nf6 {[%clk 0:02:54]} 4. e3 {[%clk 0:03:00]}  e6 {[%clk 0:02:53]} 5. Nc3 {[%clk 0:03:00]}  a6 {[%clk 0:02:53]} 6. c5 {[%clk 0:02:57]}  Nbd7 {[%clk 0:02:52]} 7. Bd3 {[%clk 0:02:57]}  g6 {[%clk 0:02:52]} 8. h4 {[%clk 0:02:54]}  Bg7 {[%clk 0:02:45]} 9. e4 {[%clk 0:02:45]}  dxe4 {[%clk 0:02:25]} 10. Nxe4 {[%clk 0:02:44]}  Nxe4 {[%clk 0:02:25]} 11. Bxe4 {[%clk 0:02:45]}  O-O {[%clk 0:02:19]} 12. h5 {[%clk 0:02:41]}  e5 {[%clk 0:02:19]} 13. hxg6 {[%clk 0:02:29]}  hxg6 {[%clk 0:02:18]} 14. Bh6 {[%clk 0:02:09]}  exd4 {[%clk 0:02:05]} 15. Qd2 {[%clk 0:00:45]}  Qf6 {[%clk 0:01:49]} 16. O-O-O {[%clk 0:00:43]}  Nxc5 {[%clk 0:01:37]} 17. Bb1 {[%clk 0:00:27]}  d3 {[%clk 0:01:09]} 18. Ng5 {[%clk 0:00:22]}  Bf5 {[%clk 0:00:33]} 19. Bxg7 {[%clk 0:00:19]}  Qxg7 {[%clk 0:00:32]} 20. Rh7 {[%clk 0:00:19]}  Qd4 {[%clk 0:00:31]} 21. Rdh1 {[%clk 0:00:18]}  Rfe8 {[%clk 0:00:21]} 22. Rxf7 {[%clk 0:00:15]}  Re2 {[%clk 0:00:15]} 23. Qc3 {[%clk 0:00:11]}  d2+ {[%clk 0:00:14]} 24. Kd1 {[%clk 0:00:11]}  Re1+ {[%clk 0:00:13]} 25. Rxe1 {[%clk 0:00:11]}  dxe1=Q+ {[%clk 0:00:13]} 26. Kxe1 {[%clk 0:00:12]}  Re8+ {[%clk 0:00:13]} 27. Kf1 {[%clk 0:00:10]}  Qd1+ {[%clk 0:00:12]} 28. Qe1 {[%clk 0:00:08]}  Qxe1# {[%clk 0:00:13]} 0-1

[Event "April 9 Late 2024"]
[Site "Chess.com"]
[Date "2024.04.09"]
[Round "3"]
[White "Padmini, Rout"]
[Black "Golubev, Mikhail"]
[Result "1-0"]
[Board "97"]
[WhiteFideId "5029295"]
[BlackFideId "14100983"]
[WhiteTitle "IM"]
[BlackTitle "GM"]
[WhiteElo "2433"]
[BlackElo "2620"]
[WhiteTeam "IND"]
[BlackTeam "UKR"]
[WhiteClock "0:00:02"]
[BlackClock "0:00:00"]
[Variant "Standard"]

1. e4 {[%clk 0:03:00]}  c5 {[%clk 0:02:59]} 2. Nf3 {[%clk 0:03:00]}  d6 {[%clk 0:03:00]} 3. d4 {[%clk 0:03:00]}  Nf6 {[%clk 0:02:59]} 4. Nc3 {[%clk 0:02:59]}  cxd4 {[%clk 0:03:00]} 5. Nxd4 {[%clk 0:03:00]}  g6 {[%clk 0:03:00]} 6. Be3 {[%clk 0:02:57]}  Bg7 {[%clk 0:03:00]} 7. f3 {[%clk 0:02:57]}  Nc6 {[%clk 0:03:00]} 8. Qd2 {[%clk 0:02:56]}  O-O {[%clk 0:03:00]} 9. O-O-O {[%clk 0:02:50]}  d5 {[%clk 0:02:59]} 10. Qe1 {[%clk 0:02:49]}  e5 {[%clk 0:02:57]} 11. Nxc6 {[%clk 0:02:38]}  bxc6 {[%clk 0:02:58]} 12. exd5 {[%clk 0:02:27]}  Nxd5 {[%clk 0:02:59]} 13. Bc4 {[%clk 0:02:12]}  Be6 {[%clk 0:02:58]} 14. Ne4 {[%clk 0:02:08]}  Qc7 {[%clk 0:02:57]} 15. Bc5 {[%clk 0:02:03]}  Rfd8 {[%clk 0:02:57]} 16. h4 {[%clk 0:01:56]}  h6 {[%clk 0:02:49]} 17. g4 {[%clk 0:01:50]}  f5 {[%clk 0:02:48]} 18. gxf5 {[%clk 0:01:36]}  gxf5 {[%clk 0:02:49]} 19. Ng3 {[%clk 0:01:23]}  Qf7 {[%clk 0:02:47]} 20. Rg1 {[%clk 0:01:06]}  Kh7 {[%clk 0:02:46]} 21. Qa5 {[%clk 0:00:20]}  Rd7 {[%clk 0:02:31]} 22. Bb3 {[%clk 0:00:19]}  Rad8 {[%clk 0:02:21]} 23. Ne2 {[%clk 0:00:16]}  Qf6 {[%clk 0:01:34]} 24. Ng3 {[%clk 0:00:10]}  Qxh4 {[%clk 0:01:26]} 25. c4 {[%clk 0:00:09]}  Nb6 {[%clk 0:01:07]} 26. Rxd7 {[%clk 0:00:08]}  Rxd7 {[%clk 0:00:52]} 27. Bxb6 {[%clk 0:00:08]}  axb6 {[%clk 0:00:53]} 28. Qxb6 {[%clk 0:00:09]}  Qf4+ {[%clk 0:00:47]} 29. Kb1 {[%clk 0:00:09]}  Qxf3 {[%clk 0:00:47]} 30. Bc2 {[%clk 0:00:07]}  e4 {[%clk 0:00:44]} 31. Qc5 {[%clk 0:00:04]}  Rb7 {[%clk 0:00:33]} 32. Bb3 {[%clk 0:00:02]}  Rxb3 {[%clk 0:00:22]} 33. axb3 {[%clk 0:00:02]}  Qxb3 {[%clk 0:00:22]} 34. Qf2 {[%clk 0:00:01]}  f4 {[%clk 0:00:02]} 35. Nxe4 {[%clk 0:00:02]}  Bf5 {[%clk 0:00:00]} 36. Qc2 {[%clk 0:00:02]} 1-0

[Event "April 9 Late 2024"]
[Site "Chess.com"]
[Date "2024.04.09"]
[Round "3"]
[White "Bold, Andre"]
[Black "Teimouri Yadkuri, Shahdad"]
[Result "1/2-1/2"]
[Board "98"]
[WhiteFideId "16208471"]
[BlackFideId "42515467"]
[WhiteTitle "CM"]
[BlackTitle "CM"]
[WhiteElo "2431"]
[BlackElo "2618"]
[WhiteTeam "GER"]
[BlackTeam "IRI"]
[WhiteClock "0:00:18"]
[BlackClock "0:00:14"]
[Variant "Standard"]

1. e4 {[%clk 0:03:00]}  c5 {[%clk 0:02:59]} 2. Nf3 {[%clk 0:03:00]}  e6 {[%clk 0:02:59]} 3. g3 {[%clk 0:02:59]}  Nc6 {[%clk 0:02:58]} 4. Bg2 {[%clk 0:02:59]}  g6 {[%clk 0:02:57]} 5. O-O {[%clk 0:02:59]}  Bg7 {[%clk 0:02:57]} 6. Re1 {[%clk 0:02:58]}  Nge7 {[%clk 0:02:57]} 7. c3 {[%clk 0:02:57]}  d5 {[%clk 0:02:57]} 8. exd5 {[%clk 0:02:55]}  Nxd5 {[%clk 0:02:56]} 9. d4 {[%clk 0:02:48]}  cxd4 {[%clk 0:02:55]} 10. Nxd4 {[%clk 0:02:46]}  Nxd4 {[%clk 0:02:54]} 11. cxd4 {[%clk 0:02:46]}  O-O {[%clk 0:02:54]} 12. Nc3 {[%clk 0:02:46]}  Nxc3 {[%clk 0:02:53]} 13. bxc3 {[%clk 0:02:46]}  Qc7 {[%clk 0:02:40]} 14. Qb3 {[%clk 0:02:42]}  Bd7 {[%clk 0:02:40]} 15. a4 {[%clk 0:02:39]}  Bc6 {[%clk 0:02:38]} 16. Ba3 {[%clk 0:02:35]}  Rfd8 {[%clk 0:02:38]} 17. Rab1 {[%clk 0:02:30]}  b6 {[%clk 0:02:32]} 18. Bxc6 {[%clk 0:02:23]}  Qxc6 {[%clk 0:02:32]} 19. a5 {[%clk 0:02:16]}  bxa5 {[%clk 0:02:32]} 20. Bc5 {[%clk 0:02:15]}  a4 {[%clk 0:02:31]} 21. Qa3 {[%clk 0:02:12]}  a5 {[%clk 0:02:22]} 22. Ra1 {[%clk 0:02:04]}  h5 {[%clk 0:01:53]} 23. Qxa4 {[%clk 0:02:01]}  Qf3 {[%clk 0:01:54]} 24. Re3 {[%clk 0:01:58]}  Qg4 {[%clk 0:01:54]} 25. Qc6 {[%clk 0:01:46]}  h4 {[%clk 0:01:49]} 26. Qf3 {[%clk 0:01:45]}  Qg5 {[%clk 0:01:44]} 27. Qf4 {[%clk 0:01:40]}  Qxf4 {[%clk 0:01:44]} 28. gxf4 {[%clk 0:01:41]}  a4 {[%clk 0:01:43]} 29. Kg2 {[%clk 0:01:38]}  Rd5 {[%clk 0:01:38]} 30. Kf3 {[%clk 0:01:37]}  Rh5 {[%clk 0:01:19]} 31. Kg4 {[%clk 0:01:34]}  Bf6 {[%clk 0:01:15]} 32. Re2 {[%clk 0:01:30]}  Rf5 {[%clk 0:00:54]} 33. Rea2 {[%clk 0:01:29]}  g5 {[%clk 0:00:54]} 34. fxg5 {[%clk 0:01:23]}  Rxg5+ {[%clk 0:00:55]} 35. Kh3 {[%clk 0:01:11]}  Rf5 {[%clk 0:00:54]} 36. Kg2 {[%clk 0:00:59]}  Kh7 {[%clk 0:00:54]} 37. f3 {[%clk 0:00:53]}  h3+ {[%clk 0:00:48]} 38. Kf2 {[%clk 0:00:53]}  Rg8 {[%clk 0:00:47]} 39. Bd6 {[%clk 0:00:47]}  e5 {[%clk 0:00:33]} 40. Bxe5 {[%clk 0:00:44]}  Bxe5 {[%clk 0:00:34]} 41. dxe5 {[%clk 0:00:44]}  Rxe5 {[%clk 0:00:35]} 42. Rg1 {[%clk 0:00:36]}  Rxg1 {[%clk 0:00:26]} 43. Kxg1 {[%clk 0:00:37]}  Rg5+ {[%clk 0:00:17]} 44. Kf1 {[%clk 0:00:34]}  Rc5 {[%clk 0:00:16]} 45. Rxa4 {[%clk 0:00:32]}  Rxc3 {[%clk 0:00:16]} 46. Kf2 {[%clk 0:00:32]}  Kg6 {[%clk 0:00:17]} 47. Kg3 {[%clk 0:00:31]}  f5 {[%clk 0:00:17]} 48. Rh4 {[%clk 0:00:18]}  Kg5 {[%clk 0:00:15]} 49. Rxh3 {[%clk 0:00:16]}  f4+ {[%clk 0:00:16]} 50. Kg2 {[%clk 0:00:17]}  Rc2+ {[%clk 0:00:16]} 51. Kf1 {[%clk 0:00:17]}  Kf5 {[%clk 0:00:16]} 52. Rh8 {[%clk 0:00:17]}  Ke5 {[%clk 0:00:15]} 53. Re8+ {[%clk 0:00:16]}  Kf5 {[%clk 0:00:13]} 54. h4 {[%clk 0:00:16]}  Rh2 {[%clk 0:00:14]} 55. Rf8+ {[%clk 0:00:16]}  Ke5 {[%clk 0:00:14]} 56. Rh8 {[%clk 0:00:16]}  Kd4 {[%clk 0:00:14]} 57. Re8 {[%clk 0:00:15]}  Rxh4 {[%clk 0:00:12]} 58. Re4+ {[%clk 0:00:16]}  Kd3 {[%clk 0:00:13]} 59. Kg2 {[%clk 0:00:16]}  Kd2 {[%clk 0:00:13]} 60. Ra4 {[%clk 0:00:15]}  Ke3 {[%clk 0:00:13]} 61. Ra3+ {[%clk 0:00:15]}  Ke2 {[%clk 0:00:13]} 62. Ra2+ {[%clk 0:00:16]}  Kd3 {[%clk 0:00:14]} 63. Ra3+ {[%clk 0:00:16]}  Kd4 {[%clk 0:00:15]} 64. Ra4+ {[%clk 0:00:17]}  Kc5 {[%clk 0:00:15]} 65. Ra5+ {[%clk 0:00:17]}  Kd6 {[%clk 0:00:14]} 66. Rf5 {[%clk 0:00:17]}  Ke6 {[%clk 0:00:14]} 67. Rf8 {[%clk 0:00:17]}  Ke7 {[%clk 0:00:14]} 68. Rf5 {[%clk 0:00:17]}  Ke6 {[%clk 0:00:13]} 69. Rf8 {[%clk 0:00:17]}  Ke7 {[%clk 0:00:14]} 70. Rf5 {[%clk 0:00:18]}  Ke6 {[%clk 0:00:14]} 1/2-1/2

[Event "April 9 Late 2024"]
[Site "Chess.com"]
[Date "2024.04.09"]
[Round "3"]
[White "Gurevich, Dmitry"]
[Black "Wanyama, Harold"]
[Result "1/2-1/2"]
[Board "99"]
[WhiteFideId "2000407"]
[BlackFideId "10000380"]
[WhiteTitle "GM"]
[BlackTitle "FM"]
[WhiteElo "2618"]
[BlackElo "2429"]
[WhiteTeam "USA"]
[BlackTeam "UGA"]
[WhiteClock "0:00:55"]
[BlackClock "0:00:58"]
[Variant "Standard"]

1. d4 {[%clk 0:03:00]}  d5 {[%clk 0:02:58]} 2. c4 {[%clk 0:03:00]}  e6 {[%clk 0:02:58]} 3. Nc3 {[%clk 0:02:59]}  Be7 {[%clk 0:02:57]} 4. Nf3 {[%clk 0:02:58]}  Nf6 {[%clk 0:02:57]} 5. g3 {[%clk 0:02:58]}  O-O {[%clk 0:02:55]} 6. Bg2 {[%clk 0:02:58]}  dxc4 {[%clk 0:02:56]} 7. Ne5 {[%clk 0:02:56]}  Nc6 {[%clk 0:02:46]} 8. Bxc6 {[%clk 0:02:54]}  bxc6 {[%clk 0:02:46]} 9. Nxc6 {[%clk 0:02:55]}  Qe8 {[%clk 0:02:45]} 10. Nxe7+ {[%clk 0:02:55]}  Qxe7 {[%clk 0:02:46]} 11. Qa4 {[%clk 0:02:53]}  c5 {[%clk 0:02:39]} 12. Qxc4 {[%clk 0:02:52]}  Bb7 {[%clk 0:02:32]} 13. O-O {[%clk 0:02:50]}  cxd4 {[%clk 0:02:29]} 14. Qxd4 {[%clk 0:02:50]}  Rfd8 {[%clk 0:02:29]} 15. Qh4 {[%clk 0:02:49]}  h6 {[%clk 0:02:26]} 16. Be3 {[%clk 0:02:41]}  a5 {[%clk 0:02:21]} 17. Rfd1 {[%clk 0:02:38]}  Qb4 {[%clk 0:02:17]} 18. Rxd8+ {[%clk 0:02:30]}  Rxd8 {[%clk 0:02:16]} 19. Qxb4 {[%clk 0:02:29]}  axb4 {[%clk 0:02:15]} 20. Na4 {[%clk 0:02:23]}  Nd5 {[%clk 0:02:10]} 21. Bc5 {[%clk 0:02:14]}  Bc6 {[%clk 0:02:03]} 22. b3 {[%clk 0:01:58]}  Rc8 {[%clk 0:02:01]} 23. Nb6 {[%clk 0:01:46]}  Nxb6 {[%clk 0:01:57]} 24. Bxb6 {[%clk 0:01:45]}  Bd5 {[%clk 0:01:48]} 25. Ba5 {[%clk 0:01:38]}  Ra8 {[%clk 0:01:45]} 26. Bxb4 {[%clk 0:01:35]}  Bxb3 {[%clk 0:01:45]} 27. a3 {[%clk 0:01:35]}  Rc8 {[%clk 0:01:42]} 28. f3 {[%clk 0:01:31]}  Rc2 {[%clk 0:01:40]} 29. Kf2 {[%clk 0:01:28]}  Bc4 {[%clk 0:01:39]} 30. Re1 {[%clk 0:01:28]}  Ra2 {[%clk 0:01:38]} 31. g4 {[%clk 0:01:23]}  e5 {[%clk 0:01:34]} 32. h4 {[%clk 0:01:21]}  f6 {[%clk 0:01:32]} 33. Ke3 {[%clk 0:01:20]}  Kf7 {[%clk 0:01:31]} 34. h5 {[%clk 0:01:14]}  Ba6 {[%clk 0:01:23]} 35. f4 {[%clk 0:01:04]}  exf4+ {[%clk 0:01:20]} 36. Kxf4 {[%clk 0:01:04]}  Rxe2 {[%clk 0:01:13]} 37. Rxe2 {[%clk 0:01:00]}  Bxe2 {[%clk 0:01:12]} 38. a4 {[%clk 0:01:00]}  g6 {[%clk 0:01:08]} 39. hxg6+ {[%clk 0:00:58]}  Kxg6 {[%clk 0:01:08]} 40. a5 {[%clk 0:00:56]}  Bd3 {[%clk 0:01:07]} 41. Bc5 {[%clk 0:00:54]}  h5 {[%clk 0:00:59]} 42. gxh5+ {[%clk 0:00:54]}  Kxh5 {[%clk 0:00:59]} 43. Bd4 {[%clk 0:00:55]}  Kg6 {[%clk 0:00:59]} 44. a6 {[%clk 0:00:55]}  Bxa6 {[%clk 0:00:58]} 45. Bxf6 {[%clk 0:00:55]} 1/2-1/2